Fleuves et rivières de la Haute-Garonne - Statistiques

Statistiques générales
  • Ce quiz a été pris 54 fois
  • Le résultat moyen est 3 sur 10
Statistiques - réponses
Nombre de communes Réponse % Correct
79 Garonne
98%
34 Hers-Mort
51%
29 Touch
47%
28 Save
30%
35 Louge
19%
23 Girou
11%
16 Pique
11%
17 Saune
9%
17 Nère
0%
18 Noue
0%
Aucun quiz correspondant
Distribution des résultats
% des personnes avec chaque résultat
Percentile par nombre de réponses
Votre historique - résultats
Vous n’avez pas pris ce quiz